Kpop Groups / Artists by Songs - Statistics

General Stats
  • This quiz has been taken 1,390 times
    1,345 since last reset
  • The average score is 13 of 27
Answer Stats
Song Artist / Group % Correct
As If It's Your Last BLACKPINK
94%
LOVE SCENARIO iKON
86%
Signal TWICE
84%
VERY NICE Seventeen
79%
Bad Boy Red Velvet
78%
Go Go BTS
70%
Fxxk It BigBang
69%
View SHINee
63%
Limitless NCT 127
56%
Palette IU
55%
New Face PSY
54%
HERO Monsta X
49%
Heroine SUNMI
49%
Black Suit Super Junior
47%
Chained Up VIXX
45%
Hate 4Minute
40%
Universe EXO
37%
Holiday Girls' Generation
34%
You Are GOT7
31%
Burn It Up Wanna One
29%
ISLAND WINNER
27%
Ah Yeah EXID
26%
Missing You BTOB
25%
Goodbye 2NE1
23%
Everytime Chen X Punch
11%
WHO YOU? G-Dragon
9%
That Girl Jung Yong Hwa
2%
No matching quizzes found
Score Distribution
Percent of People with Each Score
Percentile by Number Answered
Your Score History
You have not taken this quiz since the last reset